Normale Ansicht MARC-Ansicht ISBD

Geschichte und Aufklärung : (Titelsatznr. 40231)

[ MARC ]
MARC-Details
000 -Satzkennung
Kontrollfeld mit fester Länge 00727nam a22002291c 4500
001 - Kontrollnummer
Kontrollfeld a987678453
008 - Feld mit fester Länge zur physischen Beschreibung - Allgemeine Angaben
Kontrollfeld mit fester Länge 161205s1989 gw |||| 000u ger d
020 ## - Internationale Standardbuchnummer
Internationale Standardbuchnummer 3525335539
Verknüpfung 3-525-33553-9
041 ## - Sprachcode
Sprachcode des Textes/der Tonspur oder des separaten Titels ger
040 ## - Katalogisierungsquelle
Übertragungsstelle RU-10907106
003 - Kontrollnummer Identifier
Kontrollfeld RU-10907106
100 1# - Haupteintragung - Personenname
Personenname Kocka, Jürgen
Koha-Normdatenidentnummer 14121
245 00 - Titel
Titel Geschichte und Aufklärung :
Zusatz zum Titel Aufsätze /
Verfasserangabe etc. Jürgen Kocka
264 ## - Produktion, Veröffentlichung, Distribution, Herstellung und Urheberrechtsvermerk
Herstellungs-, Veröffentlichungs- Vertriebs-, Erzeugungsort Göttingen :
Produzent, Herausgeber, Distributor, Hersteller Vandenhoeck & Ruprecht,
Datum der Herstellung, der Veröffentlichung, des Vertriebs oder des Urheberschutzvermerks 1989
300 ## - Physische Beschreibung
Umfang 198 S.
490 #0 - Gesamttitelangabe
Gesamttitelangabe Kleine Vandenhoeck-Reihe
Bandnummer/Folgebezeichnung 1541
530 ## - Fußnote zu anderen erhältlichen Formen
Fußnote zu anderen erhältlichen Formen Auch als Online Ressource zugänglich
650 #0 - Nebeneintragung unter einem Schlagwort - Sachschlagwort
Sachschlagwort oder geografischer Name als Eintragungselement Geschichtswissenschaft
655 #0 - Indexierungsterm - Genre/Form
Genre/Form oder fokussierter Term Aufsatzsammlung
Koha-Normdatenidentnummer 210
856 4# - Elektronische Adresse und Zugriff
URL <a href="http://nbn-resolving.de/urn/resolver.pl?urn=urn:nbn:de:bvb:12-bsb00048256-3">http://nbn-resolving.de/urn/resolver.pl?urn=urn:nbn:de:bvb:12-bsb00048256-3</a>
942 ## - Zusätzliche Felder (Koha)
Koha-Medientyp Monographien
Exemplare
Ausgeschieden Verloren Klassifikation oder Aufstellungssystematik Beschädigt Nicht entleihbar Heimatbibliothek Aufenthaltsbibliothek Aufstellungsort Erwerbungsdatum Inventarnummer Signatur Barcode Letzte Aktivität Preis gültig von Koha-Medientyp
    Andere/Generische Klassifikation     MWN Osteuropa MWN Osteuropa Lesesaal 05/12/2016 16-04875 Ersatzß G 40 aD Koc E004015073C9B996 23/02/2021 22/03/2021 Monographien